The Common Voice : Essays on Communication and Culture in Early Modern Britain /
In this volume Adam Fox brings together a collection of his essays on aspects of oral, scribal and printed communication across early modern Britain. These studies explore the relationship between spoken and written transmission, the processes and products of information gathering, and the creation...
Main Author:
Format: eBook
Language: English
Published:
Leiden ; Boston :
Brill,
2025.
Series:
Early Modern History and Modern History E-Books Online, Collection 2025.
Library of the Written Word ;
136.
Subjects:
Online Access: Login to view Source
Tags: Add Tag
Call Number: P94.65.G7
| LEADER | 02628nam a22005298i 4500 | ||
|---|---|---|---|
| 001 | BRILL9789004724334 | ||
| 003 | nllekb | ||
| 005 | 20250915080723.0 | ||
| 006 | m d | ||
| 007 | cr un uuuua | ||
| 008 | 250709s2025 gw sb 001 0 eng d | ||
| 010 | |a 2025015892 | ||
| 020 | |a 9789004724334 |q (electronic book) | ||
| 020 | |z 9789004722538 |q (print) | ||
| 024 | 7 | |a 10.1163/9789004724334 |2 DOI | |
| 035 | |z (OCoLC)1509172111 | ||
| 040 | |a NL-LeKB |c NL-LeKB |e rda | ||
| 041 | |a eng | ||
| 050 | 4 | |a P94.65.G7 | |
| 072 | 7 | |a HBTB |2 bicssc | |
| 072 | 7 | |a HIS |x 054000 |2 bisacsh | |
| 072 | 7 | |a SOC |x 008000 |2 bisacsh | |
| 082 | 0 | 4 | |a 820.9/003 |2 23 |
| 100 | 1 | |a Fox, Adam, |e author. | |
| 245 | 1 | 4 | |a The Common Voice : |b Essays on Communication and Culture in Early Modern Britain / |c Adam Fox. |
| 246 | 3 | |a Essays on Communication and Culture in Early Modern Britain | |
| 264 | 1 | |a Leiden ; |a Boston : |b Brill, |c 2025. | |
| 264 | 4 | |c ©2025 | |
| 300 | |a 1 online resource (364 pages) : |b illustrations. | ||
| 336 | |a text |b txt |2 rdacontent | ||
| 337 | |a computer |b c |2 rdamedia | ||
| 338 | |a online resource |2 rdacarrier | ||
| 490 | 1 | |a Early Modern History and Modern History E-Books Online, Collection 2025 | |
| 490 | 1 | |a Library of the Written Word ; |v 136 | |
| 504 | |a Includes bibliographical references and index. | ||
| 520 | |a In this volume Adam Fox brings together a collection of his essays on aspects of oral, scribal and printed communication across early modern Britain. These studies explore the relationship between spoken and written transmission, the processes and products of information gathering, and the creation and consumption of street literature. Focussing on various parts of the British Isles between the sixteenth and the eighteenth centuries, they illuminate the nature of popular culture, the transition to a more literate society, and the engagement with ephemeral texts in 'the handpress world'. | ||
| 546 | |a English | ||
| 588 | |a Description based on print version record. | ||
| 650 | 0 | |a Communication and culture |z Great Britain |x History. | |
| 650 | 0 | |a Oral communication |z Great Britain |x History. | |
| 650 | 0 | |a Written communication |z Great Britain |x History. | |
| 776 | 0 | 8 | |i Print version: |t The Common Voice : Essays on Communication and Culture in Early Modern Britain. |d Leiden ; Boston : Brill, 2025. |z 9789004722538 |w (DLC) 2025015891 |
| 830 | 0 | |a Early Modern History and Modern History E-Books Online, Collection 2025. | |
| 830 | 0 | |a Library of the Written Word ; |v 136. | |
| 856 | 4 | |z DOI: |u http://dx.doi.org/10.1163/9789004724334 | |
| 942 | |2 lcc |c EBOOK | ||
| 999 | |c 61158 |d 61158 | ||
